| 000 | 00559nam a22001937a 4500 | ||
|---|---|---|---|
| 003 | KOHA_MİRAKIL | ||
| 005 | 20251126141151.0 | ||
| 008 | 251126b tu ||||| |||| 00| 0 tur d | ||
| 020 | _a9786051419190 | ||
| 040 |
_aTR-AnABB _btur _cTR-AnABB |
||
| 041 | _atur | ||
| 082 |
_a818.4203 _bHEP 2015 |
||
| 100 | 1 | _aHepçilingirler, Feyza, | |
| 245 | 1 | 0 |
_aAtascadero'nun sincapları / _cFeyza Hepçilingirler |
| 260 |
_aİstanbul : _bEverest Yayınları, _c2015 |
||
| 300 |
_a262 sayfa ; _c20 cm |
||
| 650 | 0 | 4 | _aTürk edebiyatı, roman |
| 942 |
_2ddc _cBK |
||
| 999 |
_c9646 _d9646 |
||
| 900 | _bGizem YORULMAZ | ||